UBT Library

The Master semiconductor replacement handbook--listed by industry standard number / (Record no. 42660)

000 -LEADER
fixed length control field 00603cam a2200205 a 4500
001 - CONTROL NUMBER
control field 3733833
005 - DATE AND TIME OF LATEST TRANSACTION
control field 20180215071459.0
008 - FIXED-LENGTH DATA ELEMENTS--GENERAL INFORMATION
fixed length control field 811019s1982 pau c 000 0 eng
010 ## - LIBRARY OF CONGRESS CONTROL NUMBER
LC control number 81018350
020 ## - INTERNATIONAL STANDARD BOOK NUMBER
International Standard Book Number 0830614702 (pbk.) :
Terms of availability $21.95
040 ## - CATALOGING SOURCE
Original cataloging agency DLC
Transcribing agency DLC
Modifying agency DLC
041 ## - LANGUAGE CODE
Language code of text/sound track or separate title eng
080 ## - UNIVERSAL DECIMAL CLASSIFICATION NUMBER
Universal Decimal Classification number 621.3815.2.0216 MAS
082 00 - DEWEY DECIMAL CLASSIFICATION NUMBER
Classification number 621.3815.2.0216 MAS
Edition number 19
100 ## - Rafti
Rafti 27
101 ## - Shkurtesa
Shkurtesa ENG
245 04 - TITLE STATEMENT
Title The Master semiconductor replacement handbook--listed by industry standard number /
Statement of responsibility, etc by Tab editorial staff.
906 ## - LOCAL DATA ELEMENT F, LDF (RLIN)
a 7
b cbc
c orignew
d 1
e ocip
f 19
g y-gencatlg
942 ## - ADDED ENTRY ELEMENTS (KOHA)
Source of classification or shelving scheme
Item type Books
Holdings
Withdrawn status Lost status Source of classification or shelving scheme Damaged status Not for loan Collection code Permanent location Current location Shelving location Date acquired Total Checkouts Full call number Barcode Date last seen Price effective from Koha item type
          Koleksioni i përgjithshem UBT - Lipjan UBT - Lipjan Koleksioni i përgjithshem 02/15/2018   621.3815.2.0216 MAS 002-2998851 02/15/2018 02/15/2018 Books
UBT Library © 2015-2024. All rights reserved University Education for Business and Technology